000
00277nam a2200097Ia 4500
001
683304
005
20250826161435.0
008
250824s9999 xx 000 0 und d
245
0
_a
GALİBA HİÇ BİRİMİZ BU DÜNYADAN SAĞ ÇIKMIYCAZ
_c
ÇİĞDEM CAN
260
_b
TİMAŞ YAYINLARI
999
_c
683304
_d
683304